Control de la qualitat ambiental de les sorres del litoral de la província de Barcelona
Descripción Física:
23 f. ; 30 cm
Colección:
Documents de medi ambient
MARC
| LEADER | 00000nam a2200000Ia 4500 | ||
|---|---|---|---|
| 001 | 24301 | ||
| 008 | 160829s1993 xx 000 0 cat d | ||
| 080 | |a FU-65-12 | ||
| 100 | |a Gonzalvo, Isidre |9 49569 | ||
| 245 | |a Control de la qualitat ambiental de les sorres del litoral de la província de Barcelona | ||
| 260 | |a [Barcelona] : |b Diputació de Barcelona. Servei del Medi Ambient, |c 1993 | ||
| 300 | |a 23 f. ; |c 30 cm | ||
| 490 | |a Documents de medi ambient | ||
| 590 | |a A la portada: Núm. 008; àmbit: medi aqüàtic | ||
| 650 | |a Sorra |x Barcelona (província) |x Control de qualitat |9 49570 | ||
| 700 | |a Font, Conxita |9 49571 | ||
| 700 | |a Martínez, Rosa |9 49572 | ||
| 710 | 1 | |a Barcelona (Catalunya : Província). |b Servei de Medi Ambient |9 53475 | |
| 901 | |a Arxiu | ||
| 942 | |n 1 | ||
| 952 | |0 0 |1 0 |4 0 |6 FU6512 |7 1 |9 55448 |a Arxiu |b Arxiu |d 2016-12-01 |l 0 |o FU-65-12 |p 24301 |r 2016-12-01 00:00:00 |w 2016-12-01 |y ARXIU | ||
| 999 | |c 59321 |d 59321 | ||